[Event "GER-chT Lands U20"]
[Site "Hannover"]
[Date "2016.10.05"]
[Round "7.5"]
[White "Tong, Kevin"]
[Black "Gassmann, Linda"]
[Result "1-0"]
[WhiteElo "1979"]
[BlackElo "1876"]
[PlyCount "67"]
[EventDate "2016.10.01"]
[EventType "team-swiss"]
[EventRounds "7"]
[EventCountry "GER"]
[SourceTitle "CBM 174 Extra"]
[Source "ChessBase"]
[SourceDate "2016.10.10"]
[SourceVersion "1"]
[SourceVersionDate "2016.10.10"]
[SourceQuality "1"]
[WhiteTeam "Bayern"]
[BlackTeam "Wuerttemberg"]
[WhiteTeamCountry "GER"]
[BlackTeamCountry "GER"]

1. e4 e5 2. Nf3 Nf6 3. Nxe5 d6 4. Nf3 Nxe4 5. Nc3 Nxc3 6. dxc3 Be7 7. Bf4 Nc6 8. Qd2 Be6 9. Ng5 Bxg5 10. Bxg5 Qd7 11. 0-0-0 f6 12. Be3 a6 13. b3 0-0-0 14. Kb2 Rhe8 15. f3 Re7 16. Bf2 Rde8 17. h4 h5 18. c4 Bf5 19. a3 Re5 20. Qc3 Qf7 21. b4 Nb8 22. c5 dxc5 23. Bxc5 Be6 24. Bd3 Rd8 25. f4 Red5 26. Rde1 R5d7 27. Re3 Nc6 28. Rhe1 Bg4 29. Bc4 Qg6 30. b5 axb5 31. Bxb5 Rd2 32. Bxc6 bxc6 33. Qc4 Kd7 34. Re7+ 1-0

[Event "GER-chT Lands U20"]
[Site "Hannover"]
[Date "2016.10.03"]
[Round "4.5"]
[White "Simon, Tessa"]
[Black "Gassmann, Linda"]
[Result "1-0"]
[WhiteElo "1849"]
[BlackElo "1876"]
[PlyCount "65"]
[EventDate "2016.10.01"]
[EventType "team-swiss"]
[EventRounds "7"]
[EventCountry "GER"]
[SourceTitle "CBM 174 Extra"]
[Source "ChessBase"]
[SourceDate "2016.10.10"]
[SourceVersion "1"]
[SourceVersionDate "2016.10.10"]
[SourceQuality "1"]
[WhiteTeam "Sachsen"]
[BlackTeam "Wuerttemberg"]
[WhiteTeamCountry "GER"]
[BlackTeamCountry "GER"]

1. e4 e5 2. Nf3 Nf6 3. Nxe5 d6 4. Nf3 Nxe4 5. Nc3 Nxc3 6. dxc3 Be7 7. Bf4 Nc6 8. Qd2 Be6 9. 0-0-0 a6 10. Kb1 Qd7 11. Bd3 0-0-0 12. Rhe1 h6 13. Qe2 a5 14. Bb5 Kb8 15. Nd4 Nxd4 16. cxd4 Qc8 17. d5 Bd7 18. Bxd7 Rxd7 19. Qb5 b6 20. Rd3 Bg5 21. Bxg5 hxg5 22. h3 Qd8 23. Rde3 f5 24. Re6 Ka7 25. b4 axb4 26. Qxb4 Rh4 27. g4 Rxh3 28. Qa4+ Kb7 29. Re8 Rh1 30. Qc6+ Ka7 31. Rxd8 Rxe1+ 32. Kb2 Rxd8 33. Qxc7+ 1-0

[Event "GER-chT Lands U20"]
[Site "Hannover"]
[Date "2016.10.02"]
[Round "3.5"]
[White "Gassmann, Linda"]
[Black "Chernykh, Arkady"]
[Result "1-0"]
[WhiteElo "1876"]
[BlackElo "1828"]
[PlyCount "89"]
[EventDate "2016.10.01"]
[EventType "team-swiss"]
[EventRounds "7"]
[EventCountry "GER"]
[SourceTitle "CBM 174 Extra"]
[Source "ChessBase"]
[SourceDate "2016.10.10"]
[SourceVersion "1"]
[SourceVersionDate "2016.10.10"]
[SourceQuality "1"]
[WhiteTeam "Wuerttemberg"]
[BlackTeam "Baden II"]
[WhiteTeamCountry "GER"]
[BlackTeamCountry "GER"]

1. d4 Nf6 2. c4 g6 3. Nc3 Bg7 4. e4 d6 5. Nf3 0-0 6. Be2 e5 7. Be3 Nc6 8. d5 Ne7 9. Nd2 Nd7 10. 0-0 f5 11. f3 f4 12. Bf2 g5 13. b4 Rf6 14. c5 Rg6 15. Nc4 a6 16. cxd6 cxd6 17. b5 h5 18. bxa6 bxa6 19. Rb1 Nf6 20. Nb6 Rb8 21. Nxc8 Rxc8 22. Na4 g4 23. Bb6 gxf3 24. Bxf3 Qd7 25. Bf2 Rf8 26. Nb6 Qe8 27. Kh1 Ng4 28. Qe2 a5 29. Bg1 Bf6 30. Nc4 Qd7 31. Nxa5 Ra8 32. Nc4 Nc8 33. Rb2 Rg7 34. Rfb1 Bd8 35. h3 Rh7 36. Rb7 Bc7 37. Bb6 Nxb6 38. Nxb6 Bxb6 39. Rxd7 Rxd7 40. Bxg4 hxg4 41. Rxb6 g3 42. Qb5 Rc7 43. Rb8+ Kg7 44. Rb7 Rac8 45. Qb6 1-0

[Event "GER-ch U18 Girls"]
[Site "Willingen"]
[Date "2016.05.19"]
[Round "7"]
[White "Gassmann, Linda"]
[Black "Zahn, Alina"]
[Result "0-1"]
[WhiteElo "1816"]
[BlackElo "2116"]
[PlyCount "106"]
[EventDate "2016.05.15"]
[EventType "swiss"]
[EventRounds "9"]
[EventCountry "GER"]
[SourceTitle "CBM 172 Extra"]
[Source "ChessBase"]
[SourceDate "2016.06.21"]
[SourceVersion "1"]
[SourceVersionDate "2016.06.21"]
[SourceQuality "1"]

1. d4 d5 2. c4 e6 3. Nc3 Nf6 4. Bg5 Nbd7 5. e3 Be7 6. cxd5 exd5 7. Bd3 c6 8. Nge2 0-0 9. 0-0 Re8 10. Qc2 Nf8 11. f3 h6 12. Bh4 Nh5 13. Bf2 Be6 14. Rad1 Bh4 15. Ng3 Nxg3 16. hxg3 Be7 17. e4 dxe4 18. Bxe4 Rc8 19. Qb1 Bc4 20. Rfe1 Bd6 21. d5 c5 22. b3 Ba6 23. Bf5 Rxe1+ 24. Bxe1 Rc7 25. Ne4 b6 26. Bd2 Be5 27. Be3 Bc8 28. d6 Rc6 29. Bxc8 Qxc8 30. f4 Bd4 31. Qd3 f5 32. Bxd4 cxd4 33. Nd2 Rxd6 34. Nc4 Rd8 35. Ne3 g6 36. Nc4 Ne6 37. Ne5 Kg7 38. g4 Qc3 39. Qa6 Qc7 40. gxf5 Nxf4 41. Nxg6 Nxg6 42. fxg6 Rd7 43. Qd3 Qd6 44. Rd2 Qxg6 45. Qb5 Qd6 46. Qf5 d3 47. Qg4+ Kh8 48. Qe4 Qc5+ 49. Kh2 Rd4 50. Qa8+ Kg7 51. Qb7+ Kg6 52. Rf2 Rh4+ 53. Kg3 Qg5+ 0-1

[Event "GER-ch U18 Girls"]
[Site "Willingen"]
[Date "2016.05.15"]
[Round "2"]
[White "Wiesner, Paula"]
[Black "Gassmann, Linda"]
[Result "1-0"]
[WhiteElo "2116"]
[BlackElo "1816"]
[PlyCount "59"]
[EventDate "2016.05.15"]
[EventType "swiss"]
[EventRounds "9"]
[EventCountry "GER"]
[SourceTitle "CBM 172 Extra"]
[Source "ChessBase"]
[SourceDate "2016.06.21"]
[SourceVersion "1"]
[SourceVersionDate "2016.06.21"]
[SourceQuality "1"]

1. d4 Nf6 2. c4 g6 3. Nc3 Bg7 4. e4 d6 5. Be2 0-0 6. Bg5 Na6 7. Qd2 e5 8. d5 Qe8 9. f3 Nd7 10. g4 Ndc5 11. h4 f6 12. Be3 Rf7 13. h5 Bf8 14. Bf1 c6 15. hxg6 hxg6 16. Qh2 Rg7 17. Rb1 Nc7 18. b4 Nd7 19. c5 Qe7 20. Bc4 Rh7 21. dxc6+ Kh8 22. Qxh7+ Qxh7 23. Rxh7+ Kxh7 24. cxd7 Bxd7 25. cxd6 Ne8 26. Bb5 Bxb5 27. Nxb5 Nxd6 28. Nxd6 Bxd6 29. Bc5 Bc7 30. Rd1 1-0

[Event "GER-ch U16 Girls"]
[Site "Magdeburg"]
[Date "2014.06.11"]
[Round "6"]
[White "Gassmann, Linda"]
[Black "Koch, Elisabeth"]
[Result "1/2-1/2"]
[WhiteElo "1883"]
[BlackElo "1822"]
[PlyCount "107"]
[EventDate "2014.06.08"]
[EventType "swiss"]
[EventRounds "9"]
[EventCountry "GER"]
[SourceTitle "CBM 160 Extra"]
[Source "ChessBase"]
[SourceDate "2014.07.01"]
[SourceVersion "1"]
[SourceVersionDate "2014.07.01"]
[SourceQuality "1"]

1. d4 d5 2. c4 e6 3. Nc3 Nf6 4. cxd5 exd5 5. Bg5 Be7 6. Nf3 0-0 7. e3 Be6 8. Bd3 b6 9. Qc2 h6 10. Bxf6 Bxf6 11. 0-0 c5 12. dxc5 bxc5 13. Na4 c4 14. Be2 Nc6 15. Rad1 Qa5 16. Nc3 Rab8 17. Qd2 Rfd8 18. Nd4 Bxd4 19. exd4 Qb6 20. Na4 Qb5 21. b3 Qb4 22. Qc2 cxb3 23. Qxc6 Bd7 24. Qc7 Bxa4 25. axb3 Bxb3 26. Ra1 Qxd4 27. Rxa7 Qf6 28. Rb1 Rdc8 29. Qa5 Bc4 30. Rxb8 Rxb8 31. Ra8 Rxa8 32. Qxa8+ Kh7 33. Bxc4 dxc4 34. Qe4+ Qg6 35. Qxc4 Qb1+ 36. Qf1 Qb3 37. g3 Qf3 38. Qb1+ Kg8 39. Qc2 Qa8 40. Qe2 Kf8 41. f3 Qa7+ 42. Kg2 Qe7 43. Qxe7+ Kxe7 44. Kf2 Ke6 45. Ke3 Ke5 46. f4+ Kd5 47. g4 g5 48. fxg5 hxg5 49. Kd3 Ke5 50. Ke3 f5 51. gxf5 Kxf5 52. Kf3 g4+ 53. Kg3 Kg5 54. h3 1/2-1/2

[Event "GER-chT Lands U20"]
[Site "Hannover"]
[Date "2013.10.06"]
[Round "7.5"]
[White "Gassmann, Linda"]
[Black "Schumann, Rabea"]
[Result "1/2-1/2"]
[WhiteElo "1865"]
[BlackElo "1690"]
[PlyCount "80"]
[EventDate "2013.10.02"]
[EventType "team-swiss"]
[EventRounds "7"]
[EventCountry "GER"]
[SourceTitle "EXT 2014"]
[Source "ChessBase"]
[SourceDate "2013.11.20"]
[SourceVersion "1"]
[SourceVersionDate "2013.11.20"]
[SourceQuality "1"]
[WhiteTeam "Wuerttemberg"]
[BlackTeam "Mecklenburg Vorpommern"]
[WhiteTeamCountry "GER"]
[BlackTeamCountry "GER"]

1. d4 Nf6 2. c4 c5 3. Nf3 cxd4 4. Nxd4 Nc6 5. e3 g6 6. Nc3 Bg7 7. Be2 d6 8. Bf3 Bd7 9. 0-0 0-0 10. Qe2 Rc8 11. b3 Nxd4 12. exd4 Bc6 13. Bb2 d5 14. Nxd5 Nxd5 15. Bxd5 Bxd5 16. cxd5 Qxd5 17. Qxe7 Rfe8 18. Qb4 Re4 19. Rac1 Rce8 20. Rc7 Bxd4 21. Bxd4 Qxd4 22. Qxd4 Rxd4 23. Rxb7 a5 24. a3 a4 25. g3 Rd3 26. Rb1 Ra8 27. bxa4 Rxa4 28. Rc7 Raxa3 29. Rbb7 Rf3 30. Kg2 Kg7 31. h4 Rad3 32. Rc8 Rb3 33. Ra7 Ra3 34. Rcc7 Rxa7 35. Rxa7 Rf6 36. g4 h6 37. Kg3 g5 38. hxg5 hxg5 39. Ra5 Kg6 40. f3 Rf4 1/2-1/2

[Event "GER-ch U14 Girls"]
[Site "Oberhof"]
[Date "2012.05.29"]
[Round "5"]
[White "Gassmann, Linda"]
[Black "Koch, Elisabeth"]
[Result "1-0"]
[WhiteElo "1675"]
[BlackElo "1672"]
[PlyCount "65"]
[EventDate "2012.05.27"]
[EventType "swiss"]
[EventRounds "9"]
[EventCountry "GER"]
[SourceTitle "CBM 148 Extra"]
[Source "ChessBase"]
[SourceDate "2012.06.22"]
[SourceVersion "1"]
[SourceVersionDate "2012.06.22"]
[SourceQuality "1"]

1. c4 e5 2. g3 Nf6 3. Nc3 c6 4. Bg2 d5 5. cxd5 cxd5 6. d3 Nc6 7. a3 Be6 8. Nf3 Be7 9. 0-0 0-0 10. b4 a6 11. Bb2 b5 12. Rc1 Qd7 13. Nb1 Bd6 14. Nbd2 a5 15. bxa5 Rxa5 16. Nb3 Ra7 17. Nc5 Bxc5 18. Rxc5 Rb8 19. Nxe5 Nxe5 20. Bxe5 Rbb7 21. Bxf6 gxf6 22. Qa1 Qe7 23. Rfc1 Rd7 24. Rxb5 Rxa3 25. Qd4 Ra2 26. Qe3 Qd6 27. Qh6 Qe7 28. Qh5 d4 29. Be4 f5 30. Bxf5 Bxf5 31. Qxf5 Rd8 32. Rc8 Qe8 33. Qg5+ 1-0

[Event "GER-ch U14 Girls"]
[Site "Oberhof"]
[Date "2012.05.28"]
[Round "3"]
[White "Gassmann, Linda"]
[Black "Nobis, Anna"]
[Result "0-1"]
[WhiteElo "1675"]
[BlackElo "1756"]
[PlyCount "76"]
[EventDate "2012.05.27"]
[EventType "swiss"]
[EventRounds "9"]
[EventCountry "GER"]
[SourceTitle "CBM 148 Extra"]
[Source "ChessBase"]
[SourceDate "2012.06.22"]
[SourceVersion "1"]
[SourceVersionDate "2012.06.22"]
[SourceQuality "1"]

1. c4 Nf6 2. g3 g6 3. Bg2 Bg7 4. Nc3 0-0 5. e3 e5 6. Nge2 d6 7. 0-0 Nc6 8. d3 Ne8 9. Rb1 a5 10. a3 Be6 11. b4 axb4 12. axb4 Qd7 13. Re1 Kh8 14. Qc2 f5 15. Nd5 Nf6 16. Nxf6 Bxf6 17. Bd2 h5 18. b5 Nd8 19. d4 Qh7 20. Ra1 Rxa1 21. Rxa1 h4 22. dxe5 dxe5 23. e4 hxg3 24. fxg3 Qh5 25. Bb4 Rf7 26. Rd1 Rh7 27. Kf2 Nf7 28. Rh1 f4 29. Bf3 Qh6 30. Bd2 g5 31. h3 Nd6 32. b6 Nxc4 33. bxc7 Rxc7 34. Ba5 Rh7 35. Qb3 Be7 36. Qc3 Qf8 37. Qa1 Bc5+ 38. Ke1 fxg3 0-1

[Event "GER-ch U14 Girls"]
[Site "Oberhof"]
[Date "2012.05.27"]
[Round "1"]
[White "Schneider, Sabrina"]
[Black "Gassmann, Linda"]
[Result "1-0"]
[WhiteElo "1237"]
[BlackElo "1675"]
[PlyCount "57"]
[EventDate "2012.05.27"]
[EventType "swiss"]
[EventRounds "9"]
[EventCountry "GER"]
[SourceTitle "CBM 148 Extra"]
[Source "ChessBase"]
[SourceDate "2012.06.22"]
[SourceVersion "1"]
[SourceVersionDate "2012.06.22"]
[SourceQuality "1"]

1. e4 e5 2. Nf3 Nf6 3. Nc3 Nc6 4. d4 exd4 5. Nxd4 Bb4 6. Nxc6 bxc6 7. Bd3 0-0 8. 0-0 Bxc3 9. bxc3 d5 10. e5 Ng4 11. f4 d4 12. h3 Nh6 13. f5 dxc3 14. Bxh6 Qd4+ 15. Kh1 gxh6 16. Qh5 Qxe5 17. Qxh6 Qg7 18. Qxc6 Rb8 19. f6 Qg5 20. Qe4 Qh5 21. Rf4 Bb7 22. Qf5 Qh6 23. Rg4+ Kh8 24. Rg7 Bxg2+ 25. Kh2 Rb5 26. Bxb5 Bxh3 27. Qxh3 Qf4+ 28. Kh1 Qe4+ 29. Rg2 1-0

[Event "GER-ch U14 Girls"]
[Site "Oberhof"]
[Date "2011.06.14"]
[Round "5"]
[White "Gassmann, Linda"]
[Black "Rosmait, Emily"]
[Result "1-0"]
[WhiteElo "1799"]
[BlackElo "1253"]
[PlyCount "93"]
[EventDate "2011.06.11"]
[EventType "swiss"]
[EventRounds "9"]
[EventCountry "GER"]
[SourceTitle "CBM 142 Extra"]
[Source "ChessBase"]
[SourceDate "2011.06.27"]
[SourceVersion "1"]
[SourceVersionDate "2011.06.27"]
[SourceQuality "1"]

1. e4 e5 2. Nf3 Nc6 3. d4 exd4 4. Nxd4 Bc5 5. Be3 Qf6 6. c3 Nge7 7. g3 0-0 8. Bg2 Ne5 9. Qe2 N7c6 10. 0-0 d6 11. h3 Be6 12. Nxe6 Qxe6 13. Bxc5 dxc5 14. f4 Nd7 15. Nd2 Qg6 16. Kh2 Rad8 17. Nf3 Rfe8 18. Nh4 Qf6 19. e5 Qe6 20. Bf3 f6 21. Bg4 Qe7 22. Qc4+ Kh8 23. Nf5 Qf8 24. e6 Nb6 25. Qe2 Rd7 26. Rad1 Rxd1 27. Rxd1 g6 28. Nh4 f5 29. Bf3 Nd8 30. Rxd8 Rxd8 31. e7 Qe8 32. Qe5+ Kg8 33. exd8Q Qxd8 34. Qe6+ Kg7 35. Bxb7 Nd7 36. Bd5 Nf6 37. Qf7+ Kh8 38. Bb3 Ne4 39. Qd5 Qf8 40. Qe5+ Nf6 41. Qxc7 a6 42. Qb6 Ne4 43. Qxa6 Qd8 44. Qe6 Qb8 45. Qe5+ Qxe5 46. fxe5 Kg7 47. a4 1-0

[Event "GER-ch U14 Girls"]
[Site "Oberhof"]
[Date "2011.06.12"]
[Round "2"]
[White "Heinemann, Josefine"]
[Black "Gassmann, Linda"]
[Result "1/2-1/2"]
[WhiteElo "1716"]
[BlackElo "1799"]
[PlyCount "112"]
[EventDate "2011.06.11"]
[EventType "swiss"]
[EventRounds "9"]
[EventCountry "GER"]
[SourceTitle "CBM 142 Extra"]
[Source "ChessBase"]
[SourceDate "2011.06.27"]
[SourceVersion "1"]
[SourceVersionDate "2011.06.27"]
[SourceQuality "1"]

1. e4 e5 2. Nf3 Nf6 3. Nxe5 d6 4. Nf3 Nxe4 5. d4 d5 6. Bd3 Be7 7. 0-0 Nc6 8. Re1 Nf6 9. h3 0-0 10. Bf4 Re8 11. Be5 Nd7 12. Bh2 Nb6 13. Nbd2 Be6 14. c3 Bd6 15. Ne5 Nxe5 16. Bxe5 Bxe5 17. Rxe5 Bd7 18. Nf3 Rxe5 19. Nxe5 h6 20. Bc2 Qf6 21. Qd3 g6 22. Bb3 c6 23. Re1 Bf5 24. Qd2 Kg7 25. Bc2 Bxc2 26. Qxc2 h5 27. Re3 Rf8 28. b3 Qd6 29. Rg3 Nd7 30. f4 Nxe5 31. fxe5 Qe6 32. Qd3 Rd8 33. Rf3 Rd7 34. Rf6 Qe8 35. Kf2 Re7 36. Qf3 Re6 37. Rf4 Qe7 38. b4 b5 39. g3 a6 40. a3 Qd7 41. h4 Qe7 42. Ke3 Qd7 43. Kf2 Qe7 44. Kg1 Qd7 45. Rf6 Qe7 46. Rxe6 fxe6 47. Kf2 Qf7 48. Qxf7+ Kxf7 49. Kf3 Kg7 50. Kf4 Kf8 51. g4 hxg4 52. Kxg4 Kg8 53. Kf4 Kf8 54. Kg5 Kg7 55. h5 gxh5 56. Kxh5 Kh7 1/2-1/2

[Event "GER-chT DLM U20"]
[Site "Stuttgart"]
[Date "2010.11.19"]
[Round "5.8"]
[White "Sieber, Fiona"]
[Black "Gassmann, Linda"]
[Result "1/2-1/2"]
[WhiteElo "1599"]
[BlackElo "1344"]
[PlyCount "104"]
[EventDate "2010.11.17"]
[EventType "team-tourn"]
[EventRounds "7"]
[EventCountry "GER"]
[SourceTitle "EXT 2022"]
[Source "ChessBase"]
[SourceDate "2021.10.06"]
[SourceVersion "1"]
[SourceVersionDate "2021.10.06"]
[SourceQuality "1"]
[WhiteTeam "Niedersachsen U20"]
[BlackTeam "Wuerttemberg U20 II"]
[WhiteTeamCountry "GER"]
[BlackTeamCountry "GER"]

1. e4 e5 2. Nf3 Nf6 3. d4 exd4 4. e5 Qe7 5. Qe2 Nd5 6. Nxd4 c6 7. c4 Nc7 8. b3 Ne6 9. Bb2 Qc5 10. Nf5 Be7 11. Nxe7 Qxe7 12. Qd3 Na6 13. g3 0-0 14. Bg2 Rd8 15. 0-0 d6 16. Qe2 dxe5 17. Qxe5 Qc5 18. Na3 Qxe5 19. Bxe5 Bd7 20. Rad1 Be8 21. Nc2 f6 22. Bb2 Bg6 23. Ne3 Nac7 24. f4 Bf7 25. Be4 Nc5 26. Bb1 Re8 27. Rfe1 Rad8 28. Rxd8 Rxd8 29. Rd1 Rxd1+ 30. Nxd1 Bh5 31. Ne3 Bf3 32. Kf2 Be4 33. Bxe4 Nxe4+ 34. Ke2 Kf7 35. Nf5 g6 36. Nd4 Ne6 37. Nxe6 Kxe6 38. Ke3 f5 39. Bd4 a6 40. Be5 h6 41. Bg7 h5 42. Be5 Kd7 43. Ke2 b5 44. a4 bxa4 45. bxa4 Nc5 46. a5 Nb7 47. Bc3 Nd6 48. Kd3 Ke6 49. Be5 Ne4 50. Ke3 Kd7 51. Bd4 Ke6 52. Be5 Kd7 1/2-1/2

[Event "GER-ch U12"]
[Site "Oberhof"]
[Date "2010.05.28"]
[Round "9"]
[White "Gassmann, Linda"]
[Black "Wendland, Tobias"]
[Result "1/2-1/2"]
[WhiteElo "1862"]
[BlackElo "1630"]
[PlyCount "38"]
[EventDate "2010.05.22"]
[EventType "swiss"]
[EventRounds "11"]
[EventCountry "GER"]
[SourceTitle "CBM 136 Extra"]
[Source "ChessBase"]
[SourceDate "2010.07.02"]
[SourceVersion "2"]
[SourceVersionDate "2010.07.15"]
[SourceQuality "1"]

1. e4 e6 2. d4 d5 3. exd5 exd5 4. Nf3 Bd6 5. Bd3 Nf6 6. Bg5 0-0 7. 0-0 Bg4 8. Nbd2 Nbd7 9. c3 c6 10. Qc2 Qc7 11. Rfe1 Rae8 12. h3 Bh5 13. Nh4 Re6 14. Bf5 Rxe1+ 15. Rxe1 Bf4 16. Bxf4 Qxf4 17. Nhf3 Bg6 18. Bxg6 fxg6 19. Qd3 Qd6 1/2-1/2

[Event "GER-ch U12"]
[Site "Oberhof"]
[Date "2010.05.28"]
[Round "10"]
[White "Schumann, Rabea"]
[Black "Gassmann, Linda"]
[Result "1/2-1/2"]
[WhiteElo "1140"]
[BlackElo "1862"]
[PlyCount "49"]
[EventDate "2010.05.22"]
[EventType "swiss"]
[EventRounds "11"]
[EventCountry "GER"]
[SourceTitle "CBM 136 Extra"]
[Source "ChessBase"]
[SourceDate "2010.07.02"]
[SourceVersion "2"]
[SourceVersionDate "2010.07.15"]
[SourceQuality "1"]

1. e4 e5 2. Nf3 Nf6 3. Nxe5 d6 4. Nf3 Nxe4 5. Nc3 Nxc3 6. dxc3 Nc6 7. Be3 Be7 8. Qd2 Bf5 9. 0-0-0 Qd7 10. Bb5 a6 11. Bc4 Be6 12. Be2 0-0-0 13. Rhe1 f6 14. Nd4 Nxd4 15. Qxd4 c5 16. Qe4 d5 17. Qd3 Qa4 18. a3 g6 19. g4 Qd7 20. h3 Rhf8 21. Rf1 f5 22. f3 f4 23. Bf2 Qc7 24. Rfe1 Rd6 25. Bf1 1/2-1/2

[Event "GER-ch U12"]
[Site "Oberhof"]
[Date "2010.05.25"]
[Round "5"]
[White "Gassmann, Linda"]
[Black "Niemeyer, Maximilian"]
[Result "1-0"]
[WhiteElo "1862"]
[BlackElo "793"]
[PlyCount "77"]
[EventDate "2010.05.22"]
[EventType "swiss"]
[EventRounds "11"]
[EventCountry "GER"]
[SourceTitle "CBM 136 Extra"]
[Source "ChessBase"]
[SourceDate "2010.07.02"]
[SourceVersion "2"]
[SourceVersionDate "2010.07.15"]
[SourceQuality "1"]

1. e4 e5 2. Nf3 Nc6 3. d4 exd4 4. Nxd4 Bc5 5. Nxc6 bxc6 6. Nc3 Qf6 7. Qd2 Ne7 8. Bc4 d6 9. b3 Be6 10. Bxe6 fxe6 11. Bb2 0-0 12. 0-0 d5 13. Na4 Bxf2+ 14. Rxf2 Qh4 15. Rxf8+ Rxf8 16. exd5 cxd5 17. Qd4 Qg5 18. Qe5 Qh6 19. Nc5 Rf6 20. Re1 Kf7 21. Rf1 Rxf1+ 22. Kxf1 Nf5 23. Qxc7+ Kg6 24. Qe5 Ne3+ 25. Ke2 Ng4 26. Qxe6+ Kh5 27. Qxd5+ Kh4 28. Qf3 Kg5 29. Bc1+ Kh5 30. Bxh6 gxh6 31. h3 Kg6 32. Qxg4+ Kf6 33. Qd7 h5 34. h4 h6 35. Qe6+ Kg7 36. Qf5 Kg8 37. Ne6 Kh8 38. Qf8+ Kh7 39. Qg7# 1-0

[Event "GER-ch U12"]
[Site "Oberhof"]
[Date "2010.05.23"]
[Round "2"]
[White "Gassmann, Linda"]
[Black "Berkov, Mikhail"]
[Result "1/2-1/2"]
[WhiteElo "1862"]
[BlackElo "1840"]
[PlyCount "100"]
[EventDate "2010.05.22"]
[EventType "swiss"]
[EventRounds "11"]
[EventCountry "GER"]
[SourceTitle "CBM 136 Extra"]
[Source "ChessBase"]
[SourceDate "2010.07.02"]
[SourceVersion "2"]
[SourceVersionDate "2010.07.15"]
[SourceQuality "1"]

1. e4 e5 2. Nf3 Nc6 3. d4 exd4 4. Nxd4 Qf6 5. Be3 Bc5 6. c3 Nge7 7. Bc4 0-0 8. 0-0 Ne5 9. Bb3 Bb6 10. Qd2 h6 11. f3 d6 12. Na3 Bd7 13. Nc4 Rad8 14. Kh1 Kh7 15. Rad1 Qh4 16. Qf2 Qh5 17. Nxe5 dxe5 18. Ne2 f5 19. Bxb6 axb6 20. Ng3 Qg6 21. exf5 Nxf5 22. Nxf5 Bxf5 23. Rxd8 Rxd8 24. g4 Bd3 25. Rd1 e4 26. Kg1 Qg5 27. Re1 Rf8 28. Bd1 Qf6 29. Kg2 g6 30. Qe3 Re8 31. fxe4 Bxe4+ 32. Kg1 h5 33. Qg3 Re5 34. Qf2 Qe6 35. Rf1 Bd5 36. Qf6 Qxf6 37. Rxf6 Re1+ 38. Rf1 Rxf1+ 39. Kxf1 hxg4 40. Bxg4 Bxa2 41. Bf3 c6 42. Bg4 Bd5 43. Bc8 c5 44. Kf2 Kg7 45. Ke3 Kf6 46. b4 Ke5 47. Bh3 Kd6 48. Bf1 g5 49. Be2 Ke5 50. Bg4 Bc6 1/2-1/2